La tía Julia y el escribidor

Guardado en:
Bibliografiske detaljer
Hovedforfatter: Vargas Llosa, Mario
Format: Bog
Sprog:Undetermined
Udgivet: Barcelona, España Editorial Seix Barral 1978
Fag:
Tags: Tilføj Tag
Ingen Tags, Vær først til at tagge denne postø!

MARC

LEADER 00000nam a2200000Ia 4500
008 170316s9999 xx 000 0 und d
040 |a cru BVZT 
090 |a 860 V-7t 
100 |a Vargas Llosa, Mario 
245 |a La tía Julia y el escribidor 
260 |a Barcelona, España 
260 |b Editorial Seix Barral 
260 |c 1978 
300 |a 447 páginas 
650 |a LITERATURA LATINOAMERICANA 
650 |a NOVELA 
999 |c 9330  |d 9330 
942 |c 15 D  |h 860 V-7t  |2 z